Por una pedagogía de la pregunta: crítica a una educación basada en respuestas a preguntas inexistentes
Guardat en:
| Autors principals: | , |
|---|---|
| Format: | Llibre |
| Idioma: | espanyol |
| Publicat: |
Buenos Aires
Siglo Veintiuno
2014
|
| Edició: | 1a. ed |
| Col·lecció: | Biblioteca Clàsica de Siglo Veintiuno
|
| Matèries: | |
| Etiquetes: |
Afegir etiqueta
Sense etiquetes, Sigues el primer a etiquetar aquest registre!
|
MARC
| LEADER | 00000cam a2200000 a 4500 | ||
|---|---|---|---|
| 001 | UCD3393 | ||
| 003 | CL-VaPUC | ||
| 008 | 160603e20141100ag |||||||||||||||||spa|d | ||
| 020 | |a 9789876293273 | ||
| 082 | 0 | 4 | |a 371.39 |b FRE |2 21 |
| 100 | |a Freire, Paulo |e autor |9 352356 | ||
| 700 | 0 | |a Faundez, Antonio |e author |9 586841 | |
| 245 | 1 | 0 | |a Por una pedagogía de la pregunta: crítica a una educación basada en respuestas a preguntas inexistentes |
| 250 | |a 1a. ed | ||
| 300 | |a 221 p | ||
| 942 | |c BK | ||
| 945 | |d 20160603 11:43:00 |a arojas | ||
| 260 | |a Buenos Aires |b Siglo Veintiuno |c 2014 | ||
| 650 | 0 | |a Métodos de estudio |9 260518 | |
| 650 | 0 | |a Libertad de enseñanza |9 311567 | |
| 650 | 7 | |a PREGUNTAS |2 CL-VaPUC |9 405588 | |
| 650 | 7 | |a RESPUESTAS |2 CL-VaPUC |9 405589 | |
| 650 | 0 | |a Pedagogía |9 255351 | |
| 583 | |a last modification |c 20160603 11:43:00 |k Rodrigo Vera | ||
| 490 | 0 | |a Biblioteca Clàsica de Siglo Veintiuno | |
| 999 | |c 364429 |d 364427 | ||
| 952 | |0 0 |1 0 |3 erb |4 0 |6 371_390000000000000_FRE_2014 |7 0 |8 R |9 477605 |a BIBEDU |b BIBEDU |c MCIRC |i 5288983 |l 2 |m 2 |o 371.39 FRE 2014 |p 5288983 |r 2023-03-02 |s 2023-03-02 |w 2019-11-24 |y BK_R |z Catalogado en:20160603 |k EDI | ||
| 952 | |0 0 |1 0 |3 erb |4 0 |6 371_390000000000000_FRE_2014 |7 0 |8 R |9 477606 |a BIBEDU |b BIBEDU |c MCIRC |i 5358167 |o 371.39 FRE 2014 |p 5358167 |r 2023-01-13 |w 2019-11-24 |y BK_R |z Catalogado en:20161230 |k EFI | ||
| 952 | |0 0 |1 0 |3 erb |4 0 |6 371_390000000000000_FRE_2014 |7 0 |8 R |9 477607 |a BIBEDU |b BIBEDU |c MCIRC |i 5358175 |o 371.39 FRE 2014 |p 5358175 |r 2023-01-13 |w 2019-11-24 |y BK_R |z Catalogado en:20161230 |k EFI | ||